Libro de buen amor

-д хадгалсан:
Номзүйн дэлгэрэнгүй
Үндсэн зохиолч: Arcipreste de Hita (Зохиогч)
Формат: Ном
Хэл сонгох:испани
Хэвлэсэн: Buenos Aires La Mandragora 1950
Цуврал:Bolsi-clásicos, 8
Нөхцлүүд:
Шошгууд: Шошго нэмэх
Шошго байхгүй, Энэхүү баримтыг шошголох эхний хүн болох!

MARC

LEADER 00000nam a2200000 a 4500
001 UCH6053
003 CL-VaPUC
008 091109e19500000AG |||||||||||||||||spa|d
082 0 4 |a 861  |b ARC  |2 21 
100 0 |a Arcipreste de Hita  |e author  |9 419388 
245 1 0 |a Libro de buen amor 
300 |a 158 p 
942 |c BK 
945 |d 20091109 00:00:00  |a ccalabra 
260 |a Buenos Aires  |b La Mandragora  |c 1950 
650 0 |a Literatura  |9 259151 
650 0 |a Poesía   |9 265825 
650 0 |a Poesía española  |9 264938 
650 0 |a Poetas españoles   |9 541854 
650 7 |a PROSA  |2 CL-VaPUC  |9 306692 
650 0 |a Lectura  |9 307634 
651 0 |a España  |9 254926 
583 |a last modification  |c 20091109 00:00:00  |k Rodrigo Vera 
490 0 |a Bolsi-clásicos, 8 
999 |c 337022  |d 337020